al-Dhakhīrah fī maḥāsin ahl al-jazīrah /

Saved in:

Main Author: Ibn Bassām al-Shantarīnī, ʻAlī, -1147? (Author)

Format: Book

Language: Arabic

Published: al-Qāhirah : Maṭbūʻāt Lajnat al-Taʼlīf wa-al-Tarjamah wa-al-Nashr, 1939-

Subjects:

Tags: Add Tag

No Tags, Be the first to tag this record!

Call Number: PJ8401 .I2 v.1/1, 1/4, 2/1

LEADER 01561nam a2200253Ia 4500
003 OSt
005 20240111124500.0
008 130303m19399999ua 000 0cara d
952 |0 0  |1 0  |2 lcc  |3 V.1/1  |4 0  |6 PJ8401 I2 V.00001/00001, 00001/00004, 00001/00002  |7 1  |9 59345  |a ARCE  |b ARCE  |d 2024-01-11  |l 0  |o PJ8401 .I2 v.1/1, 1/4, 1/2  |p 1032258  |r 2024-01-11 00:00:00  |w 2024-01-11  |y BK 
952 |0 0  |1 0  |2 lcc  |3 V.1/2  |4 0  |6 PJ8401 I2 V.00001/00001, 00001/00004, 00001/00002  |7 1  |9 62851  |a ARCE  |b ARCE  |d 2024-02-26  |l 0  |o PJ8401 .I2 v.1/1, 1/4, 1/2  |p 1032259  |r 2024-02-26 00:00:00  |w 2024-02-26  |y BK 
952 |0 0  |1 0  |2 lcc  |3 V.4/1  |4 0  |6 PJ8401 I2 V.00001/00001, 00001/00004, 00001/00002  |7 1  |9 62853  |a ARCE  |b ARCE  |d 2024-02-26  |l 0  |o PJ8401 .I2 v.1/1, 1/4, 1/2  |p 1032260  |r 2024-02-26 00:00:00  |w 2024-02-26  |y BK 
999 |c 24041  |d 24041 
040 |c ARCE Library 
043 |a e-sp--- 
050 4 |a PJ8401 .I2 v.1/1, 1/4, 2/1 
100 1 |6 880-01  |a Ibn Bassām al-Shantarīnī, ʻAlī,  |d -1147?,   |e author 
245 1 3 |6 880-02  |a al-Dhakhīrah fī maḥāsin ahl al-jazīrah /   |c Alī Ibn Bassām al-Shantarīnī. 
264 1 |a al-Qāhirah :   |b Maṭbūʻāt Lajnat al-Taʼlīf wa-al-Tarjamah wa-al-Nashr,   |c 1939- 
300 |a v. ;   |c 28 cm. 
650 0 |a Arabic literature  |z Spain  |x History and criticism.  
880 1 |6 100-01/(3/r  |a ابن بسام الشنتريني، علي،‪‪‪‪‪‪‪‪‪‪‪‪  |d -1147?  
880 1 2 |6 245-02/(3/r  |a الذخيرة في محاسن أهل الجزيرة   |c علي بن بسام الشنتريني.‪‪‪‪‪‪‪‪‪‪‪‪ 
901 |a reviewed 
942 |c BK  |2 lcc